00356nam a2200133Ia 450000500170000000800410001702000150005808200130007310000180008624500260010426000090013030000130013950000700015220250627022253.0240331s9999 xx 000 0 und d a9559501925 bEDIa370 aEdirisinghe,P 0aDaruwa saha mihikatha c1992 a216 p ., aA story revolving around the modern education system in Sri Lanka